Management Principles And Practice (Record no. 9225)
[ view plain ]
| 000 -LEADER | |
|---|---|
| fixed length control field | 00385nam a22001457a 4500 |
| 003 - CONTROL NUMBER IDENTIFIER | |
| control field | OSt |
| 008 - FIXED-LENGTH DATA ELEMENTS--GENERAL INFORMATION | |
| fixed length control field | 201119b ||||| |||| 00| 0 eng d |
| 020 ## - INTERNATIONAL STANDARD BOOK NUMBER | |
| International Standard Book Number | 9789351422082 |
| 100 ## - MAIN ENTRY--PERSONAL NAME | |
| Personal name | Srinivasan, R. and Chunawalla, S.A. |
| 245 ## - TITLE STATEMENT | |
| Title | Management Principles And Practice |
| 260 ## - PUBLICATION, DISTRIBUTION, ETC. (IMPRINT) | |
| Place of publication, distribution, etc | New Delhi |
| Name of publisher, distributor, etc | Himalaya Publishing House |
| Date of publication, distribution, etc | 2014 |
| 300 ## - PHYSICAL DESCRIPTION | |
| Extent | 480 |
| 650 ## - SUBJECT ADDED ENTRY--TOPICAL TERM | |
| Topical term or geographic name as entry element | B.Com |
| 942 ## - ADDED ENTRY ELEMENTS (KOHA) | |
| Source of classification or shelving scheme | Dewey Decimal Classification |
| Koha item type | Text Books |
| 942 ## - ADDED ENTRY ELEMENTS (KOHA) | |
| -- | 2 |
| Withdrawn status | Lost status | Source of classification or shelving scheme | Damaged status | Not for loan | Collection code | Home library | Current library | Date acquired | Source of acquisition | Currency | Cost, normal purchase price | Bill Number | Total Checkouts | Acc. no. / Barcode | Date last seen | Actual Cost, discounted price | Bill Date | Koha item type | Date last borrowed |
|---|---|---|---|---|---|---|---|---|---|---|---|---|---|---|---|---|---|---|---|
| Dewey Decimal Classification | B.Com | PIET NCR College Library | PIET NCR College Library | 19/11/2020 | Kirti Prakashan | In Rupees | 580.00 | IN438 | N544 | 19/11/2020 | 429.20 | 07/09/2020 | Reference Books | ||||||
| Dewey Decimal Classification | B.Com | PIET NCR College Library | PIET NCR College Library | 19/11/2020 | Kirti Prakashan | In Rupees | 580.00 | IN438 | 1 | N545 | 29/11/2021 | 429.20 | 07/09/2020 | Text Books | 09/10/2021 | ||||
| Dewey Decimal Classification | B.Com | PIET NCR College Library | PIET NCR College Library | 19/11/2020 | Kirti Prakashan | In Rupees | 580.00 | IN438 | N546 | 19/11/2020 | 429.20 | 07/09/2020 | Text Books | ||||||
| Dewey Decimal Classification | B.Com | PIET NCR College Library | PIET NCR College Library | 19/11/2020 | Kirti Prakashan | In Rupees | 580.00 | IN438 | 2 | N547 | 19/10/2023 | 429.20 | 07/09/2020 | Text Books | 01/08/2023 | ||||
| Dewey Decimal Classification | B.Com | PIET NCR College Library | PIET NCR College Library | 19/11/2020 | Kirti Prakashan | In Rupees | 580.00 | IN438 | 1 | N548 | 21/03/2024 | 429.20 | 07/09/2020 | Text Books | 21/03/2024 | ||||
| Dewey Decimal Classification | B.Com | PIET NCR College Library | PIET NCR College Library | 19/11/2020 | Kirti Prakashan | In Rupees | 580.00 | IN438 | N549 | 19/11/2020 | 429.20 | 07/09/2020 | Text Books |